000 00298nam a2200121Ia 4500
005 20251222144713.0
008 251222s9999||||xx |||||||||||||| ||spa||
082 _a458.37/D67M
100 _aDiadori, Pierangela
245 0 _aManuale di Didattica Dell'italiano L2
264 _bGuerra
942 _cLIB
999 _c17889
_d17889